| 000 | 00796cam a2200217 i 4500 | ||
|---|---|---|---|
| 999 |
_c57763 _d57763 |
||
| 001 | 18960768 | ||
| 005 | 20201105133111.0 | ||
| 008 | 160203s2016 nyu b 001 0 eng | ||
| 010 | _a 2016005507 | ||
| 020 | _a9781454825036 (hardcover) | ||
| 041 | _aენგ | ||
| 080 | _a343.73+347.7 P-87 | ||
| 100 | 1 |
_aPorter, Katherine _q(Katherine M.), _eauthor. _99713 |
|
| 245 | 1 | 0 |
_aModern consumer law / _cKatherine Porter, Professor of Law, University of California, Irvine School of Law. |
| 264 | 1 |
_aNew York : _bWolters Kluwer, _c[2016] |
|
| 300 |
_a 602 pages ; _c26 cm. |
||
| 650 | 0 |
_aConsumer protection _xLaw and legislation _zUnited States. _99714 |
|
| 653 | _aკანონი და კანონმდებლობა | ||
| 653 | _aსამართალი | ||
| 942 |
_2udc _cBK |
||